Plötzlicher Tod - Plötzlicher Tod - Statistiken

Allgemein
  • Dieses Quiz wurde 171 mal gespielt
  • Das Durchschnittsergebnis liegt bei 5 aus 8
Answers on the Grid
Answers color-coded by a green-red scale on the quiz's grid according to % correct below.
Kurt Cobain
Heath Ledger
James Dean
Princess Diana
River Phoenix
Amy Winehouse
Bruce Lee
Tupac Shakur
Marlene Dietrich
Kirk Douglas
Lauren Bacall
Bette Davis
Charlton Heston
Nancy Reagan
Zsa Zsa Gabor
Johnny Halliday
 
Antwortstatistiken
Antwort % Korrekt
Amy Winehouse
88%
Princess Diana
85%
Kurt Cobain
77%
Tupac Shakur
63%
Heath Ledger
62%
James Dean
57%
Bruce Lee
51%
River Phoenix
42%
Keine übereinstimmenden Quizze gefunden
Verteilung der Resultate
Anzahl Personen mit jedem Resultat
Perzentil nach korrekt beantworteten Fragen
Ihre Resultats-Entwicklung
Sie haben dieses Quiz noch nicht gespielt